Statistics for Drugs by their nickname

Click here to take the quiz!

General Stats

  • This quiz has been taken 4,105 times
    (4,066 since last reset)
  • The average score is 5 of 12

Answer Stats

HintAnswer% Correct
Mama CocaCocaine
85%
Mary JaneMarijuana
77%
Black PearlHeroin
63%
MollyMDMA
63%
KryptoniteCrack
56%
ElvisLSD
47%
IceMethamphetamine
41%
Gym CandySteroids
37%
Cat KillerKetamine
32%
ShroomsPsilocybin
18%
CactusMescaline
8%
CrackersRitalin
1%

Score Distribution

Percentile by Number Answered

Percent of People with Each Score

Your Score History

You have not taken this quiz since the last reset